Wireless sensor networks: (Record no. 5357)
[ view plain ]
| 000 -LEADER | |
|---|---|
| fixed length control field | 00728nam a22002297a 4500 |
| 003 - CONTROL NUMBER IDENTIFIER | |
| control field | OSt |
| 005 - DATE AND TIME OF LATEST TRANSACTION | |
| control field | 20220107122820.0 |
| 008 - FIXED-LENGTH DATA ELEMENTS--GENERAL INFORMATION | |
| fixed length control field | 160722b xxu||||| |||| 00| 0 eng d |
| 020 ## - INTERNATIONAL STANDARD BOOK NUMBER | |
| International Standard Book Number | 9781466506060 |
| 040 ## - CATALOGING SOURCE | |
| Transcribing agency | IIITMK |
| 082 ## - DEWEY DECIMAL CLASSIFICATION NUMBER | |
| Classification number | 621.3821 KHA/W |
| 100 ## - MAIN ENTRY--PERSONAL NAME | |
| Personal name | Khan, Shafiullah (Eds.) |
| 9 (RLIN) | 10483 |
| 245 ## - TITLE STATEMENT | |
| Title | Wireless sensor networks: |
| Remainder of title | Current status and future trends |
| Statement of responsibility, etc. | Shafiullah Khan, Al-Sakib Khan Pathan and Nabil Ali Alrajeh |
| 260 ## - PUBLICATION, DISTRIBUTION, ETC. | |
| Place of publication, distribution, etc. | Boca Raton, |
| Name of publisher, distributor, etc. | CRC Press, |
| Date of publication, distribution, etc. | 2013. |
| 300 ## - PHYSICAL DESCRIPTION | |
| Extent | xx, 526p. |
| 650 ## - SUBJECT ADDED ENTRY--TOPICAL TERM | |
| Topical term or geographic name entry element | ELECTRONICS |
| 9 (RLIN) | 10484 |
| 650 ## - SUBJECT ADDED ENTRY--TOPICAL TERM | |
| Topical term or geographic name entry element | COMMUNICATION NETWORKS |
| 9 (RLIN) | 10485 |
| 650 ## - SUBJECT ADDED ENTRY--TOPICAL TERM | |
| Topical term or geographic name entry element | WIRELESS NETWORKS |
| 9 (RLIN) | 10486 |
| 700 ## - ADDED ENTRY--PERSONAL NAME | |
| Personal name | Pathan, Al-Sakib Khan |
| 9 (RLIN) | 10487 |
| 700 ## - ADDED ENTRY--PERSONAL NAME | |
| Personal name | Alrajeh, Nabil Ali |
| 9 (RLIN) | 10488 |
| 942 ## - ADDED ENTRY ELEMENTS (KOHA) | |
| Source of classification or shelving scheme | Dewey Decimal Classification |
| Koha item type | Books |
| Withdrawn status | Lost status | Source of classification or shelving scheme | Damaged status | Not for loan | Collection code | Home library | Current library | Shelving location | Date acquired | Cost, normal purchase price | Total Checkouts | Full call number | Barcode | Date last seen | Price effective from | Koha item type |
|---|---|---|---|---|---|---|---|---|---|---|---|---|---|---|---|---|
| Dewey Decimal Classification | Non Fiction | Kerala University of Digital Sciences, Innovation and Technology Knowledge Centre | Kerala University of Digital Sciences, Innovation and Technology Knowledge Centre | Applied Electronics | 22/07/2016 | 6869.00 | 621.3821 KHA/W | 4643 | 03/12/2020 | 22/07/2016 | Books |